000
00482nam a2200169Ia 4500
008
090711s9999 xx 000 0 und d
082
_b
11587
100
_a
सराफ वसंत के.
245
_a
नखरेल
260
_b
नवलेखन प्रकाशन
_c
1957
300
_a
128
600
_a
सराफ वसंत के.
630
_a
नखरेल
700
_a
सराफ वसंत के.
730
_a
नखरेल
942
_c
BOOK
999
_c
312774
_d
312774